| 000 | 00903nam a22002417a 4500 | ||
|---|---|---|---|
| 999 |
_c3935 _d3935 |
||
| 003 | AR-CdUCM | ||
| 008 | 190307b ||||| |||| 00| 0 spa d | ||
| 040 |
_aMUNICIPALIDAD PROVINCIAL DEL CUSCO _cBIBLIOTECA MUNICIPAL DEL CUSCO |
||
| 082 |
_a398.61 / _bA58 |
||
| 100 |
_aAngles Vargas, Victor _93228 |
||
| 245 | _aEl Paititi no existe / | ||
| 260 |
_aCusco : _bUNSAAC, _c2003. |
||
| 300 |
_a184 páginas ; _bfotografías, _c20 cm. |
||
| 505 | _aAntigüedad de las noticias sobre el paititi -- Lo que en la actualidad se dice sobre el paititi -- La fantasía en el pensamiento individual y colectivo -- Razones que nos induces a sostener que el paititi no existe... | ||
| 650 |
_aPaititi. _912602 |
||
| 650 |
_aFolklore. _91081 |
||
| 650 |
_aCostumbres. _9230 |
||
| 650 |
_aMitos. _912603 |
||
| 650 |
_aCusco. _9772 |
||
| 650 |
_aTradición. _92713 |
||
| 942 |
_2ddc _cLIBROS |
||
| 945 |
_awfj _d2019-03-07 |
||